| 000 | 01076nam a2200289Ia 4500 | ||
|---|---|---|---|
| 003 | OSt | ||
| 005 | 20221005111155.0 | ||
| 006 | a|||||r|||| 00| 0 | ||
| 007 | ta | ||
| 008 | 221004b |||||||| |||| 00| 0 hin d | ||
| 020 |
_a8170559545 (hbk) _c300 |
||
| 024 | _a19956 | ||
| 037 |
_b518, 21/03/2015, Vani Prakashan _cTextual |
||
| 040 |
_aCRL _cCRL _bhin |
||
| 041 |
_2hin _ahin |
||
| 082 | _aO155,3N28,KA, 152P6.1 | ||
| 100 | _aतेंडुलकर, विजय | ||
| 245 | 0 |
_aकादंबरी _b एक |
|
| 246 | _aKādanbarī: eka | ||
| 250 | _a2 संस्करण | ||
| 260 |
_aनई दिल्ली _bवाणी प्रकाशन भारत _c2006 |
||
| 490 | _vभाग 1 | ||
| 650 | _aमराठी साहित्य | ||
| 700 | _a घोरपड़े, पद्मजा, अनु. | ||
| 942 |
_hO155,3N28,KA, 152P6.1 _cTEXL _2cc |
||
| 999 |
_c1021044 _d1021044 |
||